000
00245nam a22000857a 4500
008
160704b xxu||||| |||| 00| 0 eng d
100
_9
2043
_a
Bhagwat, L
245
_a
A Trip to Heaven and other Stories
260
_a
New Delhi
_b
National Book Trust
_c
1970
999
_c
1743
_d
1743